En defensa de Chile

Guardado en:
Detalles Bibliográficos
Autor principal: Vargas Molinare, Gustavo (Autor)
Formato: Libro
Lenguaje:español
Publicado: Santiago, Chile Universitaria 1942
Materias:
Etiquetas: Agregar Etiqueta
Sin Etiquetas, Sea el primero en etiquetar este registro!

MARC

LEADER 00000nam a2200000 a 4500
001 UCO2514
003 CL-VaPUC
005 20211019074354.0
008 000608e19420000CL |||||||||||||||||spa|d
999 |c 289020  |d 289018 
040 |c Pontificia Universidad Católica de Valparaíso 
082 0 4 |a 983.061 VAR 1942  |2 21 
100 0 |a Vargas Molinare, Gustavo  |e author  |9 445788 
245 1 0 |a En defensa de Chile 
260 |a Santiago, Chile  |b Universitaria  |c 1942 
300 |a 145 páginas 
500 |a Donación Padres Capuchinos 
583 |a last modification  |c 20000608 00:00:00  |k Rodrigo Vera 
650 0 |a Historia de Chile  |9 265473 
650 0 |a Guerra del Pacífico  |z CHILE  |9 314886 
650 0 |a Historia diplomática  |z CHILE  |9 314834 
852 |a BIBCUR 
942 |c BK  |2 ddc 
945 |d 20000608 00:00:00  |a crobeson 
952 |0 0  |1 0  |2 ddc  |4 0  |6 983_061000000000000_VAR_1942  |7 0  |8 X  |9 337119  |a BIBHIS  |b BIBHIS  |d 2019-11-20  |i 1292064  |o 983.061 VAR 1942  |p 1292064  |r 2024-01-30  |t 1  |w 2019-11-20  |y BK_X  |k HIS 
952 |0 0  |1 0  |2 ddc  |4 0  |6 983_061000000000000_VAR_1942  |7 0  |8 X  |9 337120  |a BIBHIS  |b BIBHIS  |d 2019-11-20  |i 1292072  |o 983.061 VAR 1942  |p 1292072  |r 2024-01-30  |t 2  |w 2019-11-20  |y BK_X  |k HIS 
952 |0 0  |1 0  |2 ddc  |4 0  |6 983_061000000000000_VAR_1942  |7 0  |8 X  |9 337121  |a BIBHIS  |b BIBHIS  |d 2019-11-20  |i 1292080  |o 983.061 VAR 1942  |p 1292080  |r 2024-01-30  |t 3  |w 2019-11-20  |y BK_X  |k HIS 
952 |0 0  |1 0  |2 ddc  |4 0  |6 983_061000000000000_VAR_1942  |7 0  |8 X  |9 337122  |a FDOBUD  |b FDOBUD  |d 2019-11-20  |i 4407784  |o 983.061 VAR 1942  |p 4407784  |r 2019-11-20  |t 4  |w 2019-11-20  |y BK_X  |k BUD